000 00393nam a2200181Ia 4500
100 _aRadhakrishnan/V.M
650 _aWelding
250 _a2
942 _cBK
366 _f20
654 _awelding
245 _aWelding : Technology and design
260 _bNew Age Interational Ltd.
_aMumbai
_c2005
082 _a621.977/RAD
_bRAD
300 _a541
546 _aENGLISH
999 _c23750
_d23750